| 000 | 00884ntm a22002177a 4500 | ||
|---|---|---|---|
| 005 | 20170809143645.0 | ||
| 008 | 170802s2013 xx a frb 000 0 eng d | ||
| 040 |
_aEG-ScBUE _beng _cEG-ScBUE |
||
| 082 | 0 | 4 |
_222 _a621 _bMON |
| 100 | 1 | _aAbdel-mon'em, May Medhat. | |
| 245 | 1 | 0 |
_aSurface tecnology : _bEffect of burnishing process on hardness and roughness of flat and cylindrical polymeric surfaces / _cMay Medhat Abdel-mon'em. |
| 260 | _c2013. | ||
| 300 |
_ax. 93 p. : _bill. (col.) ; _c28 cm. |
||
| 500 | _aA dissertation submitted to the faculty of engineering, The British University in egypt, in partial fulfillment of the requirements for the bachelor degree in mechanical engineering. | ||
| 590 | _amai allam | ||
| 650 | 7 |
_2BUEsh _aMechanical engineering _vProjects |
|
| 653 |
_bENGMEC _cAugust2017 |
||
| 655 | _vSPRO | ||
| 700 | 1 |
_aEl-Tayeb, Nabil S. M. _eths. |
|
| 942 | _2ddc | ||
| 999 |
_c25390 _d25362 |
||